Central Library OPAC University of Rajshahi

রঙ্গপুর জেলার ইতিহাস / (Record no. 71514)

MARC details
000 -LEADER
fixed length control field 00924nam a2200229 a 4500
001 - CONTROL NUMBER
control field 71514
003 - CONTROL NUMBER IDENTIFIER
rucl marc code BD-RjUL
005 - DATE AND TIME OF LATEST TRANSACTION
control field 20230301154131.0
008 - FIXED-LENGTH DATA ELEMENTS--GENERAL INFORMATION
fixed length control field 170504s1975 bg |||| |||| 000 0 ben d
035 ## - SYSTEM CONTROL NUMBER
System control number (BD-RjUL)71730
040 ## - CATALOGING SOURCE
Original cataloging agency BD-RjUL
Language of cataloging ben
Transcribing agency BD-RjUL
Modifying agency BD-RjUL
041 ## - LANGUAGE CODE
Language code of text/sound track or separate title ben
082 ## - DEWEY DECIMAL CLASSIFICATION NUMBER
Edition number 23
Classification number 954.924
Author mark and year RAN 1975
245 10 - TITLE STATEMENT
Title রঙ্গপুর জেলার ইতিহাস /
Statement of responsibility, etc. মোহাম্মদ লুৎফর রহমান
260 ## - PUBLICATION, DISTRIBUTION, ETC. (IMPRINT)
Place of publication, distribution, etc. রংপুর :
Name of publisher, distributor, etc. ঐতিহাসিক তথ্য সংগ্রহ পরিষদ,
Date of publication, distribution, etc. ১৯৭৫ [১৩৮২]
300 ## - PHYSICAL DESCRIPTION
Pagination পার্ট. ;
Size ৩২ সেমি.
505 ## - FORMATTED CONTENTS NOTE
Formatted contents note পার্ট. ১--
651 ## - SUBJECT ADDED ENTRY--GEOGRAPHIC NAME
Geographic name বাংলাদেশ (রংপুর)
General subdivision ইতিহাস
9 (RLIN) 203383
Geographic name Banglades (Rangpur)
General subdivision History
9 (RLIN) 211592
700 1# - ADDED ENTRY--PERSONAL NAME
Personal name রহমান, মোহাম্মদ লুৎফর
942 ## - ADDED ENTRY ELEMENTS (KOHA)
Source of classification or shelving scheme Dewey Decimal Classification
Koha item type Books
Holdings
Lost status Source of classification or shelving scheme Damaged status Not for loan Collection code Permanent Location Current Location Shelving location Date acquired Source of acquisition Cost, normal purchase price Total Checkouts Full call number Date last seen Copy number Koha item type
  Dewey Decimal Classification   Not For Loan Non-fiction Central Library, University of Rajshahi Central Library, University of Rajshahi Reading Room 28/12/1975 Author 5.00   B 954.924 RAN Pt.-1 1975 04/05/2017 C-1 Books